Soil survey of Lafayette County, Florida /

Bibliographic Details
Corporate Authors: United States. Natural Resources Conservation Service, University of Florida. Institute of Food and Agricultural Sciences
Format: Government Document Book
Language:English
Published: [Washington, D.C.?] : The Service, [1998]
Subjects:

MARC

Tag First Indicator Second Indicator Subfields
LEADER 00000cam a2200000 a 4500
001 in00000001443
005 20151007050434.0
008 980925s1998 dcuabf b f001 0 eng d
035 |a (OCoLC)39931630 
035 |9 AJB5325AM 
040 |a GPO  |c GPO  |d DLC  |d MvI  |d UtOrBLW 
043 |a n-us-fl 
049 |a UDOC 
074 |a 0102-B-09 
086 0 |a A 57.38/9:L 13 
245 0 0 |a Soil survey of Lafayette County, Florida /  |c United States Department of Agriculture, Natural Resources Conservation Service ; in cooperation with the University of Florida, Institute of Food and Agricultural Sciences [and others]. 
264 1 |a [Washington, D.C.?] :  |b The Service,  |c [1998] 
300 |a vii, 201 pages, 3 unnumbered pages, 33 pages of plates :  |b illustrations, maps (some color) ;  |c 28 cm. 
336 |a text  |b txt  |2 rdacontent 
337 |a unmediated  |b n  |2 rdamedia 
338 |a volume  |b nc  |2 rdacarrier 
500 |a Cover title. 
500 |a Shipping list number: 98-0365-P. 
504 |a Includes bibliographical references (pages 111-112). 
500 |a Includes index to map units. 
650 0 |a Soils  |z Florida  |z Lafayette County  |x Maps. 
650 0 |a Soil surveys  |z Florida  |z Lafayette County. 
710 1 |a United States.  |b Natural Resources Conservation Service. 
710 2 |a University of Florida.  |b Institute of Food and Agricultural Sciences. 
999 |a MARS 
999 f f |s 4180a6e4-5ec4-3601-9a43-69660b78b1e3  |i 823250b0-da45-3154-b5a7-21e824524949  |t 0 
952 f f |p normal  |a Texas A&M University  |b College Station  |c Sterling C. Evans Library  |d Evans: Maps (2nd floor)  |t 0  |e A 57.38/9:L 13  |h Superintendent of Documents classification  |i unmediated -- volume  |m A14824410478 
998 f f |a A 57.38/9:L 13  |t 0  |l Evans: Maps (2nd floor)